000 00411nam a2200145Ia 4500
008 100204s9999 xx 000 0 und d
082 _b182
100 _aइनामदार ना.स.
245 _aझेप
260 _b"कॉन्टीनेंटल बुक सर्व्हिस, पुणे"
_c"1975,5"
300 _a374
630 _aझेप
730 _aझेप
942 _cBOOK
999 _c445379
_d445376